Learning to listen, learning to teach : (Record no. 18657)
[ view plain ]
| 000 -LEADER | |
|---|---|
| fixed length control field | 00540nam a2200181Ii 4500 |
| 020 ## - INTERNATIONAL STANDARD BOOK NUMBER | |
| ISBN | 0787939633 |
| 040 ## - CATALOGING SOURCE | |
| Transcribing agency | UUW |
| 082 00 - DEWEY DECIMAL CLASSIFICATION NUMBER | |
| Classification number | 374 UWM 1994 C150 Or. |
| 100 ## - MAIN ENTRY--AUTHOR NAME | |
| Personal name | Vella, Jane Kathryn, |
| 245 10 - TITLE STATEMENT | |
| Title | Learning to listen, learning to teach : |
| Remainder of title | the power of dialogue in educating adults / |
| 250 ## - EDITION STATEMENT | |
| Edition statement | First paperback edition. |
| 300 ## - PHYSICAL DESCRIPTION | |
| Number of Pages | xxi, 202 pages ; |
| Dimensions | 24 cm. |
| 490 1# - SERIES STATEMENT | |
| Series statement | The Jossey-Bass higher and adult education series. |
| 650 #0 - SUBJECT ADDED ENTRY--TOPICAL TERM | |
| Topical Term | Adult learning. |
| 650 #0 - SUBJECT ADDED ENTRY--TOPICAL TERM | |
| Topical Term | Adult education. |
| 650 #0 - SUBJECT ADDED ENTRY--TOPICAL TERM | |
| Topical Term | Teaching. |
| 942 ## - ADDED ENTRY ELEMENTS (KOHA) | |
| Koha item type | ADB |
| 952 ## - LOCATION AND ITEM INFORMATION (KOHA) | |
| Withdrawn status [LOCAL, KOHA] | 0 |
| Source of acquisition | Permanent Location | Date acquired | Koha item type | Lost status | Shelving location | Current Location | Full call number |
|---|---|---|---|---|---|---|---|
| A32948 | Library Block C | 2019-12-31 | សៀវភៅភាសាអង់គ្លេស | C150 | Library Block C | 374 UWM 1994 C150 Or. |